000 00528nam a2200181Ia 4500
008 151018s9999 xx 000 0 und d
082 _bRBASDV22397
_a891.463
100 _aअशोक थोरे
245 _aअमानवी
250 _b1
260 _bगुलमोहर प्रकाशन सातारा
_c1989
300 _a187
600 _aअशोक थोरे
630 _aअमानवी
700 _aअशोक थोरे
730 _aअमानवी
942 _cBOOK
999 _c1022066
_d1022063